| 000 | 00426nam a2200169 a 4500 | ||
|---|---|---|---|
| 001 | 4582 | ||
| 003 | CDMR | ||
| 005 | 20130313135511.0 | ||
| 008 | 130130s1991||||||||||||||||||||||||||||d | ||
| 020 | _a8476643306 | ||
| 040 |
_aCDMR _bcat _cCDMR |
||
| 111 | 2 |
_93032 _aFotoPres _cBarcelona _d1991 _n9è |
|
| 245 | 1 | 0 | _aFotopres 1991 |
| 260 |
_aBarcelona _c1991 _bFundació "La Caixa" |
||
| 500 | _aCatàleg exposició | ||
| 942 |
_cMON _2udc |
||
| 999 |
_c4582 _d4582 |
||